000 01268cab a2200265 4500
001 ABS53619
008 090401t1995 xxu||||| |||| 00| 0 eng d
035 _a(Sirsi) u5387
041 _aeng
245 _aMicrografix v Woking 8 Ltd
260 _c1995
350 _a0
490 _aEstates Gazette
_v(1995) 37 EG 179-180(2)
520 _aChD 19 May 1995. In 1990 the applicant tenants (M) were granted a 20 year lease of a building. A provision in clause 8 of the lease terms allowed M to determine the lease at the end of the 5th year by giving the landlords (W) no less than 12-months notice. On 21 January 1994, M sent a letter to W stating that they were determining the lease on 23 March 1995, however the notice had 23 March 1994 on it and referred to clause 8. M applied for a declaration that the lease would determine on 23 June 1995. W denied that the letter or notice would determine the lease. Held, application allowed; the notice was valid.
650 _aBREAK CLAUSES
650 _aLEASES
650 _aMICROGRAFIX V WOKING 8 LTD
650 _aNOTICE TO DETERMINE
650 _aTERMINATION DATE
650 _aVALIDITY
650 _aWRONG TERMINATION DATE
690 _aLANDLORD AND TENANT-CASE LAW
942 _n0
948 _c04/03/1997
999 _c3204
_d3204